书目信息 |
| 题名: |
愚庵小集
|
|
| 作者: | 朱鹤龄 撰 | |
| 分册: | 上 | |
| 出版信息: | 上海 上海古籍出版社 1979 |
|
| 页数: | 2册(774页) | |
| 开本: | 19cm | |
| 丛书名: | 清人别集丛刊 | |
| 单 册: | ||
| 中图分类: | I214.92 , I211 | |
| 科图分类: | ||
| 主题词: | 古典文学--中国--清代--选集 | |
| 电子资源: | ||
| ISBN: | ||
| 000 | 00696nam2 2200265 45 | |
| 001 | 1568914496 | |
| 005 | 20150121190904.29 | |
| 010 | @b线平装@dCNY2.80 | |
| 091 | @aCN@b10186.97 | |
| 100 | @a19950718d1979 em y0chiy0121 ea | |
| 101 | 0 | @achi |
| 102 | @aCN@b310000 | |
| 105 | @ay z 000zy | |
| 200 | 10 | @a愚庵小集@Ayu an xiao ji@h上@f(清)朱鹤龄撰 |
| 205 | @b影印本 | |
| 210 | @a上海@c上海古籍出版社@d1979 | |
| 215 | @a2册(774页)@d19cm | |
| 225 | 2 | @a清人别集丛刊 |
| 410 | 0 | @120010@a清人别集丛刊 |
| 606 | @a古典文学@y中国@z清代@x选集 | |
| 690 | @aI214.92@v3 | |
| 690 | @aI211@v4 | |
| 701 | 0 | @a朱鹤龄@Azhu he ling@4撰 |
| 801 | 0 | @aCN@bTSSF@c20150121 |
| 905 | @aZUCC@dI211@eJY20:1 | |
| 愚庵小集.上/(清)朱鹤龄撰.-影印本.-上海:上海古籍出版社,1979 |
| 2册(774页);19cm.-(清人别集丛刊) |
| ISBN (线平装):CNY2.80 |
| ● |
| 相关链接 |
|
|
|
|
正题名:愚庵小集
索取号:I211/JY20:1
 
预约/预借
| 序号 | 登录号 | 条形码 | 馆藏地/架位号 | 状态 | 备注 |
| 1 | 7856557 | 278565571 | 学院路分馆/ [索取号:I211/JY20:1] | 在馆 |